Versuche uber den Zusammenhang von Biegunsfestigkeit und Zugfestigkeit dei Gusseisen; Mitteilungen uber Forschungsarbeiten auf den Gebiete des Ingenieurwesen; № 48

Bibliografiske detaljer
Parent link:Mitteilungen uber Forschungsarbeiten auf den Gebiete des Ingenieurwesen
№ 48.— 1907.— S. 43-68
Hovedforfatter: Pinegin W. N.
Sprog:tysk
Udgivet: 1907
Fag:
Format: MixedMaterials Book Chapter
KOHA link:https://koha.lib.tpu.ru/cgi-bin/koha/opac-detail.pl?biblionumber=592097

MARC

LEADER 00000naa0a2200000 4500
001 592097
005 20250108170529.0
035 |a (RuTPU)RU\TPU\tpu\3402 
035 |a TPU00003402 
090 |a 592097 
100 |a 20011210d1907 k||y0rusy50 ba 
101 0 |a ger 
102 |a DE 
200 1 |a Versuche uber den Zusammenhang von Biegunsfestigkeit und Zugfestigkeit dei Gusseisen  |f W. N. Pinegin 
461 |t Mitteilungen uber Forschungsarbeiten auf den Gebiete des Ingenieurwesen 
463 |t № 48  |v S. 43-68  |d 1907 
610 1 |a техника 
610 1 |a труды учёных ТПУ 
610 1 |a промышленность 
610 1 |a общетехнические дисциплины 
700 1 |a Pinegin  |b W. N. 
801 0 |a RU  |b 63413507  |c 20011210  |g PSBO 
801 2 |a RU  |b 63413507  |c 20070216  |g PSBO 
942 |c CR